000 00390cam a2200145ua 4500
003 OSt
008 250106b |||||||| |||| 00| 0 eng d
041 _aeng
082 _a621.38132
_bBAB/PU
100 _aBabb, Daniel S .
_96804
245 _aPulse circuits: Switching and shaping /
260 _aNew Delhi :
_bPrentice Hall of India Pvt Ltd. ,
_c1968.
300 _a379 ; .
942 _cBK
999 _c10667
_d10667